People and place (Record no. 109658)

MARC details
000 -LEADER
fixed length control field 01547cad a22002415a 4500
001 - CONTROL NUMBER
control field E147620
008 - FIXED-LENGTH DATA ELEMENTS--GENERAL INFORMATION
fixed length control field 090529s2006 xxk f s000 0 eng d
020 ## - INTERNATIONAL STANDARD BOOK NUMBER
International Standard Book Number 0755948645
035 ## - SYSTEM CONTROL NUMBER
System control number (Sirsi) u147620
041 0# - LANGUAGE CODE
Language code of text/sound track or separate title eng
050 04 - LIBRARY OF CONGRESS CALL NUMBER
Classification number 307.34160942 $2 22
110 1# - MAIN ENTRY--CORPORATE NAME
Corporate name or jurisdiction name as entry element Scotland
Subordinate unit Scottish Executive
9 (RLIN) 4769
245 00 - TITLE STATEMENT
Title People and place
Remainder of title regeneration policy statement
Medium [electronic resource]
260 ## - PUBLICATION, DISTRIBUTION, ETC.
Place of publication, distribution, etc. Edinburgh
Name of publisher, distributor, etc. Scottish Executive
Date of publication, distribution, etc. 2006
505 2# - FORMATTED CONTENTS NOTE
Formatted contents note Introduction, defining the challenge -- Investing in transformation, the foundation of our new approach -- Taking a lead, our new approach: working in partnership, policies, infrastructure and finance; our geographic priorities; land and property; creating mixed communities; growing vibrant communities -- Following through -- Appendix A: building on experience, key lessons -- Appendix B: key policy and funding connections -- Appendix C: summary of current regeneration activity -- Appendix D: sources and references
520 ## - SUMMARY, ETC.
Summary, etc. Sets out the challenges associated with regeneration, and explains the role that the Scottish Executive will play in such regeneration. Also discusses the Executive's priorities and the actions which it will take in addition to current support of local area regeneration.
521 ## - TARGET AUDIENCE NOTE
Target audience note Advanced
590 ## - LOCAL NOTE (RLIN)
Local note KA
651 #4 - SUBJECT ADDED ENTRY--GEOGRAPHIC NAME
Geographic name Scotland
Chronological subdivision 1999-
690 ## - LOCAL SUBJECT ADDED ENTRY--TOPICAL TERM (OCLC, RLIN)
Topical term or geographic name as entry element PROPERTY-PROPERTY MANAGEMENT-REGENERATION
856 40 - ELECTRONIC LOCATION AND ACCESS
Uniform Resource Identifier <a href="https://www.scotland.gov.uk/Publications/2006/06/01145839/0">https://www.scotland.gov.uk/Publications/2006/06/01145839/0</a>
Public note View the research free of charge at www.scotland.gov.uk...
942 ## - ADDED ENTRY ELEMENTS (KOHA)
Suppress in OPAC 0
Holdings
Withdrawn status Lost status Source of classification or shelving scheme Damaged status Not for loan Home library Current library Shelving location Date acquired Total Checkouts Full call number Barcode Date last seen Copy number Price effective from Koha item type
    Dewey Decimal Classification     Virtual Virtual Online 29/05/2009   ONLINE PUBLICATION 147620-2001 06/08/2019 1 06/08/2019 Book